000 01083nam0a22002651 4500
001 rc\4880802
005 20260407123630.0
021 _aRU
_bП749-65
035 _a(NLR Aleph) 008826423
090 _a8254641
_c8254641
100 _a20130426d1965 |||y0rusy50 ca
101 0 _arus
102 _aRU
105 _ay z |||||
200 1 _aПлан важнейших мероприятий Центральной комиссии по борьбе с силикозом на 1965 г.
210 _aМосква
_cБ. и.
_d1965
215 _a5 с.
_d21
225 1 _aИнститут горного дела имени А.А. Скочинского. Центральная комиссия по борьбе с силикозом
_vИнформ. вып. № С-3
300 _aОтпеч. множит. аппаратом
710 0 2 _aЦентральная комиссия по борьбе с силикозом
_cМосква
_3RU\NLR\AUTH\8810073054
_9648191
801 0 _aRU
_bNLR
_gpsbo
801 1 _aRU
_bELAR
_2rusmarc
852 _aNLR
_jП10/2243
942 _cBOOK
980 _aNB